| 000 | 00819nam a22002295i 4500 | ||
|---|---|---|---|
| 001 | 176206 | ||
| 003 | ES-MaACL | ||
| 005 | 20230906220023.0 | ||
| 008 | 101223s1961 sp a |||| | spa d | ||
| 080 | _a799.2 | ||
| 100 | 1 |
_aDurán Salas, Raimundo. _9144499 |
|
| 245 | 1 | 0 |
_aArmas, municiones, tiro _b: (balística venatoria) / _cpor Raimundo Durán Salas y Salvador Pons Gendrau. |
| 260 |
_aBarcelona : _bSintes, _cD. L. 1961. |
||
| 300 |
_a372 p. : _bil. bl. y n. ; _c23 cm. |
||
| 490 | 1 |
_aCaza deportiva. Enciclopedia práctica del cazador ; _v1 |
|
| 500 | _aCon 183 ilustraciones. | ||
| 650 | 4 |
_aCaza. _910857 |
|
| 700 | 0 |
_aPons Gendrau, Salvador. _993014 |
|
| 830 | 0 |
_aCaza deportiva. Enciclopedia práctica del cazador ; _v1 _9189979 |
|
| 852 |
_aES-MaACL _jE-13879 _xOlim P-649 |
||
| 999 |
_c176206 _d176206 |
||